000 02389nam2a22004091 4500
001 v19\rc\1525459
005 20260406090018.0
035 _a(NLR Aleph) 004646938
090 _a3369901
_c3369901
100 _a20060620d1886 |||y0rusy50 ca
101 0 _arus
102 _aRU
105 _ac z |||a|
200 1 _aМосковский крестьянин-мыслитель Иван Тихонович Посошков (1665-1726)
_aНижегородский механик-самоучка Иван Петрович Кулибин (1735-1818)
_aАрзамасский мещанин-иконописец Александр Васильевич Ступин (1776-1861)
_aЯрославский крестьянин-стихотворец Федор Никифорович Слепушкин (1786-1848)
_aКурский астроном-самоучка Федор Алексеевич Семенов (1794-1860)]
210 _d1886
_aБ. м.
215 _a164 с., 4 л. портр.
320 _aБиблиогр. в конце каждого очерка
461 0 _1001v19\rc\1525458
_12001#$aСамоучки$fСобр. И.С. Ремезов. [Вып. 1]-$v[Вып. 1
_1700#1$aРемезов$bИ.С.$f1828-1901$gИван Сократович
_93369892
_aРемезов, И.С. (1828-1901)
_cСанкт-Петербург
_d1886
_fСобр. И.С. Ремезов. [Вып. 1]-
_nтип. А.С. Суворина
_tСамоучки
_v[Вып. 1
702 1 _aПосошков
_bИ.Т.
_f1665-1726
_gИван Тихонович
_4570
702 1 _4570
_7ca
_8rus
_aКулибин
_bИ. П.
_cизобретатель
_f1735-1818
_gИван Петрович
_3RU\NLR\auth\7756742
_939674
702 1 _aСтупин
_bА.В.
_f1776-1861
_gАлександр Васильевич
_4570
702 1 _4570
_8rus
_7ca
_aСлепушкин
_bФ. Н.
_fок.1788-1848
_gФедор Никифорович
_3RU\NLR\AUTH\7756757
_939689
702 1 _aСеменов
_bФ.А.
_f1794-1860
_gФедор Алексеевич
_4570
801 0 _aRU
_bNLR
_gpsbo
801 0 _aRU
_bRuMoRGB
_2psbo
801 1 _aRU
_bProSoft-M
_2rusmarc
852 _aNLR
_j18.169.5.41а
852 _aNLR
_j127/3315
899 _aRuMoRGB
_jU 131/652
899 _aRuMoRGB
_jРб 25/364
899 _aRuMoRGB
_jT 32/162
899 _aБАН
899 _aГПИБ
899 _aНБ МГУ
942 _cBOOK
980 _aNB